The constitutional system : the group character of the elected institutions /

Bibliographic Details
Main Author: Merry, Henry J.
Format: Book
Language:English
Published: New York : Praeger, 1986.
Subjects:

MARC

Tag First Indicator Second Indicator Subfields
LEADER 00000pam a2200000 a 4500
001 in00000432921
005 20151012074944.0
008 860604s1986 nyu b 00110 eng
010 |a  86015162  
020 |a 0275921859 (alk. paper) :  |c $36.95 (est.) 
035 |a (OCoLC)13792810 
035 |9 ABX3005AM 
040 |a DLC  |c DLC  |d TXA  |d UtOrBLW 
043 |a n-us--- 
049 |a TXAM  |c [A10032098] 
050 0 0 |a KF4930  |b .M47 1986 
082 0 |a 342.73/044  |a 347.30244  |2 19 
100 1 |a Merry, Henry J. 
245 1 4 |a The constitutional system :  |b the group character of the elected institutions /  |c Henry J. Merry. 
264 1 |a New York :  |b Praeger,  |c 1986. 
300 |a x, 215 pages ;  |c 25 cm. 
336 |a text  |b txt  |2 rdacontent 
337 |a unmediated  |b n  |2 rdamedia 
338 |a volume  |b nc  |2 rdacarrier 
504 |a Includes bibliographies and index. 
650 0 |a Legislative power  |z United States. 
650 0 |a Executive power  |z United States. 
650 0 |a Separation of powers  |z United States. 
650 0 |a Constitutional history  |z United States. 
999 |a MARS 
999 f f |s 2c321e35-2aa9-3366-92c5-639ccd5d0973  |i 8ba65ac6-93aa-3d84-aa0f-3bfe1bbfb768  |t 0 
952 f f |p ric  |a Texas A&M University  |b Rellis Campus  |c Joint Library Facility  |d Remote Storage  |t 0  |e KF4930 .M47 1986  |h Library of Congress classification  |i unmediated -- volume  |m A14810032098 
998 f f |a KF4930 .M47 1986  |t 0  |l Remote Storage